000 00269nam a22001097a 4500
008 160427b xxu||||| |||| 00| 0 eng d
020 _a9781416056720
041 _aeng
080 _a618.2
245 _aNursing today:
_cJo Anna Zerwekh; Jo Carol Claborn;
942 _2udc
_cBK
999 _c1640
_d1640